UBT Library

ABC of sexual health / (Record no. 39065)

000 -LEADER
fixed length control field 00868cam a22002894a 4500
001 - CONTROL NUMBER
control field 13626292
005 - DATE AND TIME OF LATEST TRANSACTION
control field 20171218064754.0
008 - FIXED-LENGTH DATA ELEMENTS--GENERAL INFORMATION
fixed length control field 040615s2005 maua b 001 0 eng
010 ## - LIBRARY OF CONGRESS CONTROL NUMBER
LC control number 2004014019
016 7# - NATIONAL BIBLIOGRAPHIC AGENCY CONTROL NUMBER
Record control number 101221223
Source DNLM
020 ## - INTERNATIONAL STANDARD BOOK NUMBER
International Standard Book Number 0727917595
035 ## - SYSTEM CONTROL NUMBER
System control number (OCoLC)ocm55671815
040 ## - CATALOGING SOURCE
Original cataloging agency DNLM/DLC
Transcribing agency DLC
Modifying agency YDX
-- NLM
-- BAKER
-- DLC
041 ## - LANGUAGE CODE
Language code of text/sound track or separate title eng
042 ## - AUTHENTICATION CODE
Authentication code pcc
060 00 - NATIONAL LIBRARY OF MEDICINE CALL NUMBER
Classification number 2005 H-502
060 10 - NATIONAL LIBRARY OF MEDICINE CALL NUMBER
Classification number WP 610
Item number A134 2005
080 ## - UNIVERSAL DECIMAL CLASSIFICATION NUMBER
Universal Decimal Classification number 616.69 WOO
082 00 - DEWEY DECIMAL CLASSIFICATION NUMBER
Classification number 616.69 WOO
Edition number 22
100 ## - Rafti
Rafti 4
101 ## - Shkurtesa
Shkurtesa SHM
245 00 - TITLE STATEMENT
Title ABC of sexual health /
Statement of responsibility, etc edited by John M. Tomlinson.
504 ## - BIBLIOGRAPHY, ETC. NOTE
Bibliography, etc Includes bibliographical references and index.
906 ## - LOCAL DATA ELEMENT F, LDF (RLIN)
a 7
b cbc
c orignew
d 1
e ecip
f 20
g y-gencatlg
942 ## - ADDED ENTRY ELEMENTS (KOHA)
Source of classification or shelving scheme
Item type Books
Holdings
Withdrawn status Lost status Source of classification or shelving scheme Damaged status Not for loan Permanent location Current location Date acquired Total Checkouts Full call number Barcode Date last seen Price effective from Koha item type
          UBT - Lipjan UBT - Lipjan 12/18/2017   616.69 WOO 002-2939516 12/18/2017 12/18/2017 Books
UBT Library © 2015-2024. All rights reserved University Education for Business and Technology